000 00798nam a2200193Ia 4500
003 GCL
008 140319s9999 xx 000 0 ara d
040 _aGCL /
_cGCL
082 0 4 _a347.05
_bن د
100 1 _aيوسف الحسن
_vClassifier
_@
…صنف
245 1 0 _aالدفع بعدم القبول ونظامه القانونى فى قانون المرافعات المدنية و التجارية: دراسة تحليلية للفقه و القضاء المصرى والفرنسى /
_cيوسف الحسن
260 _a[S.N] :
_bمكتبه النهضه المصريه ،
_c1981
300 _a362 ص
490 _aالكتب القانونية
_v0
650 0 4 _aالقانون
650 0 4 _aالقانون المدنى
650 0 4 _aالقانون التجارى
942 _2ddc
_cBK
999 _c56152
_d56152